000 00594nam a2200181Ia 4500
008 090123s9999 xx 000 0 und d
082 _b38619
100 _aकाकडे दत्तात्रय सदाशिव
245 _aजिंदगी
250 _a1
260 _bसत्यजय प्रकाशन
_c2005
300 _a256
600 _aकाकडे दत्तात्रय सदाशिव
630 _aजिंदगी
700 _aकाकडे दत्तात्रय सदाशिव
730 _aजिंदगी
942 _cBOOK
999 _c76687
_d76687